[Event "British Rapidplay"]
[Site "Peterborough"]
[Date "2025.03.02"]
[Round "10"]
[White "Beswick, Andrew"]
[Black "Ortiz Sanchez, Luis"]
[Result "0-1"]
[WhiteElo "1560"]
[BlackElo "1913"]
[PlyCount "108"]
[EventDate "2025.03.01"]
[EventType "swiss (rapid)"]
[EventRounds "11"]
[EventCountry "ENG"]
[SourceTitle "CB10_2025"]
[SourceDate "2025.03.05"]
[SourceVersion "1"]
[SourceVersionDate "2025.03.05"]
[SourceQuality "1"]

1. e4 c5 2. Nc3 Nc6 3. Bb5 g6 4. Nf3 Bg7 5. 0-0 Nd4 6. Bc4 a6 7. a4 e6 8. Re1 Ne7 9. Nxd4 Bxd4 10. Ne2 Bg7 11. c3 d5 12. exd5 Nxd5 13. d4 cxd4 14. Nxd4 0-0 15. Qf3 b6 16. Bd2 Bb7 17. Qg3 Rc8 18. Qd3 e5 19. Nf3 Nf4 20. Bxf4 Qxd3 21. Bxd3 exf4 22. Re7 Bxf3 23. gxf3 a5 24. Rae1 Bf6 25. Rb7 Rb8 26. Rc7 Rfc8 27. Rd7 Rd8 28. Bb5 Rxd7 29. Bxd7 Rd8 30. Re8+ Rxe8 31. Bxe8 Kf8 32. Bb5 Be7 33. Kf1 Bc5 34. Ke2 Ke7 35. Kd3 Bxf2 36. Ke4 Be3 37. Ke5 f6+ 38. Kd5 h5 39. b4 axb4 40. cxb4 g5 41. h3 f5 42. a5 bxa5 43. bxa5 g4 44. fxg4 fxg4 45. hxg4 hxg4 46. Ke4 Kf6 47. Bd7 Kg5 48. a6 Ba7 49. Kd3 Kh4 50. Bc6 Kg3 51. Ke2 f3+ 52. Kf1 Kf4 53. Bb7 g3 54. Bc6 g2+ 0-1

[Event "British Rapidplay"]
[Site "Peterborough"]
[Date "2025.03.02"]
[Round "8"]
[White "Kothari, Jai"]
[Black "Ortiz Sanchez, Luis"]
[Result "1-0"]
[WhiteElo "2035"]
[BlackElo "1913"]
[PlyCount "121"]
[EventDate "2025.03.01"]
[EventType "swiss (rapid)"]
[EventRounds "11"]
[EventCountry "ENG"]
[SourceTitle "CB10_2025"]
[SourceDate "2025.03.05"]
[SourceVersion "1"]
[SourceVersionDate "2025.03.05"]
[SourceQuality "1"]

1. e4 c5 2. Nc3 Nc6 3. Bb5 Nd4 4. Nf3 g6 5. Nxd4 cxd4 6. Ne2 Bg7 7. 0-0 a6 8. Ba4 b5 9. Bb3 Bb7 10. d3 e6 11. Qe1 Ne7 12. Bd2 d5 13. f3 0-0 14. a4 Qd7 15. axb5 axb5 16. Bb4 Rxa1 17. Qxa1 Ra8 18. Qc1 Nc6 19. Bd2 Ne5 20. Kh1 dxe4 21. fxe4 Ng4 22. h3 Nf6 23. Bh6 Bh8 24. Qf4 Nh5 25. Qf2 Qc7 26. Bg5 Be5 27. Bh4 Re8 28. g4 Ng7 29. Bf6 Bxf6 30. Qxf6 Rd8 31. Nxd4 Ne8 32. Nxe6 Nxf6 33. Nxc7 Rd7 34. Nxb5 Kg7 35. Kh2 h6 36. e5 Nh7 37. Nd6 Ng5 38. Kg3 Bc6 39. h4 Ne6 40. Bxe6 fxe6 41. c4 Ra7 42. Kf4 Ra5 43. b4 Ra3 44. Ke3 Bg2 45. Rf7+ Kg8 46. Rf6 g5 47. hxg5 hxg5 48. b5 Bh3 49. b6 Rb3 50. c5 Bg2 51. Rf7 Bc6 52. Rc7 Bd5 53. b7 Bxb7 54. Rxb7 Rc3 55. Kd4 Rc1 56. Ne8 Kf8 57. Nd6 Rg1 58. c6 Rxg4+ 59. Kc5 Rg1 60. c7 Rc1+ 61. Nc4 1-0

[Event "BCF-chT3E 2224 (4NCL)"]
[Site "England"]
[Date "2024.05.04"]
[Round "9.55"]
[White "Ortiz Sanchez, Luis"]
[Black "Vachtfeidl, Petr"]
[Result "1/2-1/2"]
[WhiteElo "2002"]
[BlackElo "1952"]
[PlyCount "69"]
[EventDate "2023.11.11"]
[EventType "team-tourn"]
[EventRounds "11"]
[EventCountry "ENG"]
[SourceTitle "EXT 2025"]
[Source "ChessBase"]
[SourceDate "2024.10.14"]
[SourceVersion "1"]
[SourceVersionDate "2024.10.14"]
[SourceQuality "1"]
[WhiteTeam "Iceni"]
[BlackTeam "Kingston II"]
[WhiteTeamCountry "ENG"]
[BlackTeamCountry "ENG"]

1. c4 g6 2. g3 Bg7 3. Nc3 c5 4. Bg2 Nc6 5. Nf3 e6 6. 0-0 Nge7 7. a3 a5 8. Nb5 d5 9. cxd5 Nxd5 10. d4 cxd4 11. Nbxd4 Nxd4 12. Nxd4 Qb6 13. e4 Bxd4 14. exd5 0-0 15. Qe2 Bd7 16. Be3 Bxe3 17. Qxe3 Qxe3 18. fxe3 exd5 19. Bxd5 Ra6 20. Rac1 Be6 21. Bg2 Rb6 22. Rf2 Rd8 23. Be4 Rb3 24. Kg2 b6 25. Re1 Bd5 26. Bxd5 Rxd5 27. Rc2 Kg7 28. Ree2 Kf6 29. Rc7 Ke6 30. Kf2 h5 31. Rc8 Rf5+ 32. Ke1 Re5 33. Kf2 Rf5+ 34. Ke1 Re5 35. Kf2 1/2-1/2

[Event "BCF-chT4S 2324 (4NCL)"]
[Site "England"]
[Date "2024.02.11"]
[Round "6.71"]
[White "Ortiz Sanchez, Luis"]
[Black "Bentley, Alex"]
[Result "1-0"]
[WhiteElo "1998"]
[BlackElo "1775"]
[PlyCount "137"]
[EventDate "2024.02.11"]
[EventType "team-swiss"]
[EventRounds "11"]
[EventCountry "ENG"]
[SourceTitle "EXT 2025"]
[Source "ChessBase"]
[SourceDate "2024.10.14"]
[SourceVersion "1"]
[SourceVersionDate "2024.10.14"]
[SourceQuality "1"]
[WhiteTeam "Iceni II"]
[BlackTeam "Ashfield III"]
[WhiteTeamCountry "ENG"]
[BlackTeamCountry "ENG"]

1. e4 c5 2. Nc3 e6 3. Nge2 Nc6 4. g3 b6 5. Bg2 Bb7 6. 0-0 Nge7 7. Re1 Nd4 8. a4 a6 9. Nb1 d5 10. d3 dxe4 11. dxe4 e5 12. c3 Nxe2+ 13. Qxe2 Ng6 14. Na3 Bd6 15. Nc4 Qc7 16. Ne3 0-0 17. Rd1 Ne7 18. Nc4 Rad8 19. Be3 Nc8 20. Rd2 Be7 21. Rad1 f6 22. b3 Bc6 23. Rxd8 Rxd8 24. Rxd8+ Qxd8 25. Nb2 Bb7 26. f3 Qd7 27. Qf1 Qc6 28. Bh3 b5 29. Qd3 Nb6 30. Bf1 bxa4 31. bxa4 a5 32. Qc2 Kf8 33. Kf2 Qd7 34. Qb3 Qc6 35. Bb5 Qc7 36. Nc4 Nc8 37. Na3 Nb6 38. Be2 Qc6 39. Nc4 Nxc4 40. Bxc4 Qc7 41. Bg8 Ke8 42. Bxh7 c4 43. Qb5+ Kf8 44. Bg6 Qc6 45. Qxa5 Qa6 46. Qc7 Qc6 47. Qxc6 Bxc6 48. a5 Bb5 49. Bb6 Ba3 50. Ke2 Ke7 51. Kd2 Kd6 52. Bf5 Ba6 53. Bd8 Bc5 54. g4 Bg1 55. h4 Bh2 56. g5 Bf4+ 57. Kc2 fxg5 58. h5 Be3 59. Bg4 Bb7 60. Bf6 Bf4 61. Bxg7 Ke7 62. h6 Kf7 63. Bh5+ Kg8 64. Bg6 g4 65. Bf6 Bxh6 66. fxg4 Bg7 67. Bxg7 Kxg7 68. Bf5 Kf6 69. Kb2 1-0